Diplomatické rokovanie v Číne a na blízkom východe bakalárska práca

Saved in:
Bibliographic Details
Main Author: Marková, Michaela
Corporate Author: Obchodná fakulta EU. Katedra medzinárodného obchodu
Other Authors: Čizmadiová, Kristína
Format: Book
Language:Slovak
Published: Bratislava 2011
Tags: Add Tag
No Tags, Be the first to tag this record!

MARC

LEADER 00000nam a2200000 4500
001 0151007
005 20240320072006.1
041 0 |a slo 
044 |a SK 
245 1 0 |a Diplomatické rokovanie v Číne a na blízkom východe  |b bakalárska práca  |c Michaela Marková ; školiteľ: Kristína Čižmadiová 
264 1 |a Bratislava  |c 2011 
300 |a 50 s. 
100 1 |a Marková, Michaela 
700 1 |a Čizmadiová, Kristína 
710 2 |a Obchodná fakulta EU. Katedra medzinárodného obchodu